Vplyv parametrov 3D tlače na mechanické vlastnosti výtlačkov

Saved in:
Bibliographic Details
Main Author: Lužák, Adam (Author)
Other Authors: Bilský, Adam (Thesis advisor)
Format: Manuscript Book
Language:Slovak
Published: 2025
Subjects:
Online Access:http://is.stuba.sk/zp/portal_zp.pl?podrobnosti=176971
Tags: Add Tag
No Tags, Be the first to tag this record!

MARC

LEADER 00000ntm a22000003a 4500
001 stuzp105313
003 SK-STU
005 20250628212546.7
007 ta
008 150427s2015----xo-----f-mn---000-0-slo-d
040 |a STU  |b slo 
041 0 |a slo 
100 1 |a Lužák, Adam  |u 063000  |4 aut  |U MTF Materiálovotechnologická fakulta  |T MTF Ústav výrobných technológií  |X 122020  |U M3000  |Y 83  |7 122020 
242 0 1 |a The influence of 3D printing parameters on the mechanical properties of prints  |y eng 
245 1 0 |a Vplyv parametrov 3D tlače na mechanické vlastnosti výtlačkov 
260 |c 2025 
650 4 |a 3D tlač  |2 slo 
650 4 |a FDM  |2 slo 
650 4 |a mechanické vlastnosti  |2 slo 
650 4 |a pevnosť v ťahu  |2 slo 
650 4 |a rázová húževnatosť  |2 slo 
650 4 |a 3D printing  |2 eng 
650 4 |a FDM  |2 eng 
650 4 |a mechanical properties  |2 eng 
650 4 |a tensile strength  |2 eng 
650 4 |a impact toughness  |2 eng 
700 1 |a Bilský, Adam  |4 ths  |X 49203  |7 A000049203 
856 4 |u http://is.stuba.sk/zp/portal_zp.pl?podrobnosti=176971 
996 |c M* BP-9973  |l MMSKP  |s P  |a 0  |w stuzp105313_0001